书目信息 |
| 题名: |
工业企业的市场经营
|
|
| 作者: | 刘甲辰 编著 | |
| 分册: | ||
| 出版信息: | 哈尔滨 黑龙江人民出版社 1982 |
|
| 页数: | 172页 | |
| 开本: | 19cm | |
| 丛书名: | ||
| 单 册: | ||
| 中图分类: | F405 | |
| 科图分类: | ||
| 主题词: | 工业企业-市场经营学 , 市场经营学-工业企业 | |
| 电子资源: | ||
| ISBN: | ||
| 000 | 00652nam0 2200241 45 | |
| 001 | 0182003703 | |
| 005 | 20060808173423.32 | |
| 010 | @dCNY0.47 | |
| 091 | @aCN@b4093.64 | |
| 100 | @a19950228d1982 em y0chiy0121 ea | |
| 101 | 0 | @achi |
| 102 | @aCN@b230000 | |
| 105 | @ay z 000yy | |
| 200 | 10 | @a工业企业的市场经营@Agong ye qi ye de shi chang jing ying@f刘甲辰编著 |
| 210 | @a哈尔滨@c黑龙江人民出版社@d1982 | |
| 215 | @a172页@d19cm | |
| 606 | @a工业企业-市场经营学 | |
| 606 | @a市场经营学-工业企业 | |
| 690 | @aF405@v3 | |
| 701 | 0 | @a刘甲辰@Aliu jia chen@4编著 |
| 801 | 2 | @aCN@bNLC@c20060808 |
| 801 | 0 | @aCN@bTSSF |
| 905 | @a10447@dF405@e108 | |
| 工业企业的市场经营/刘甲辰编著.-哈尔滨:黑龙江人民出版社,1982 |
| 172页;19cm |
| ISBN :CNY0.47 |
| ● |
| 相关链接 |
|
|
|
|
正题名:工业企业的市场经营
索取号:F405/108
 
预约/预借
| 序号 | 登录号 | 条形码 | 馆藏地/架位号 | 状态 | 备注 |
| 1 | 0447553 | 204475530 | 密集书库/ [索取号:F405/108] | 在馆 | |
| 2 | 0447554 | 204475549 | 密集书库/ [索取号:F405/108] | 在馆 | |
| 3 | 0447555 | 204475558 | 密集书库/ [索取号:F405/108] | 在馆 | |
| 4 | 0447556 | 204475567 | 密集书库/ [索取号:F405/108] | 在馆 | |
| 5 | 0447557 | 204475576 | 密集书库/ [索取号:F405/108] | 在馆 | |
| 6 | 0447558 | 204475585 | 密集书库/ [索取号:F405/108] | 在馆 | |
| 7 | 0447559 | 204475594 | 密集书库/ [索取号:F405/108] | 在馆 |